LEADER 01639nam 2200349 n 450 001 996392904603316 005 20200824121636.0 035 $a(CKB)4940000000110649 035 $a(EEBO)2240935529 035 $a(UnM)99867216e 035 $a(UnM)99867216 035 $a(EXLCZ)994940000000110649 100 $a19940505d1647 uy | 101 0 $aeng 135 $aurbn||||a|bb| 200 02$aA garden inclosed, and Wisdom justified only of her children$b[electronic resource] $eBeing two exercises, discovering the glory, beauty and perfection of the love of God to saints that are so comprehended, and in such a glorious inclosure: and also the sweet reflections in, and from saints, in iustifying wisdom: which were delivered at New-port Pagnell, about a yeare and a half since: for declaration whereof, the authour was then imprisoned, and since accused, for delivering of blasphemie. by Paul Hobson 210 $aLondon $cPrinted by Iames and Ioseph Moxon, for Henry Overton, and are to be sold at his shop, in Popes-head Alley: and for Giles Calvert, at the spread Eagle, at the west end of Pauls$d1647 215 $a[6], 112 p 300 $aAnnotation on Thomason copy: "may 29.". 300 $aReproduction of the original in the British Library. 330 $aeebo-0018 606 $aGod$xLove$vEarly works to 1800 615 0$aGod$xLove 700 $aHobson$b Paul$0141223 801 0$bCu-RivES 801 1$bCu-RivES 801 2$bCStRLIN 801 2$bWaOLN 906 $aBOOK 912 $a996392904603316 996 $aA garden inclosed, and Wisdom justified only of her children$92378057 997 $aUNISA LEADER 03851nam 2200709 450 001 9910214951903321 005 20180613002458.0 010 $a2-84788-740-7 010 $a2-84788-641-9 024 7 $a10.4000/books.enseditions.6443 035 $a(CKB)3710000000381292 035 $a(EBL)3430697 035 $a(SSID)ssj0001436652 035 $a(PQKBManifestationID)12519089 035 $a(PQKBTitleCode)TC0001436652 035 $a(PQKBWorkID)11442104 035 $a(PQKB)10615340 035 $a(MiAaPQ)EBC3430697 035 $a(FrMaCLE)OB-enseditions-6443 035 $a(oapen)https://directory.doabooks.org/handle/20.500.12854/45679 035 $a(PPN)20389295X 035 $a(EXLCZ)993710000000381292 100 $a20150908h20102010 uy 0 101 0 $afre 135 $aur|n|---||||| 181 $ctxt 182 $cc 183 $acr 200 02$aL'E?cho de la fabrique $eNaissance de la presse ouvrie?re a? Lyon, 1831-1834 /$fsous la direction de Ludovic Frobert ; avec les contributions de Jonathan Beecher [and fourteen others] 210 $cENS Éditions$d2010 210 1$aLyon, [France] :$cENS E?ditions :$cInstitut d'histoire du livre,$d2010. 210 4$d©2010 215 $a1 online resource (355 p.) 225 1 $aMe?tamorphoses du Livre,$x1775-7053 300 $aDescription based upon print version of record. 311 $a2-84788-207-3 330 $aC'est à Lyon, entre octobre 1831 et mai 1834, que paraît le premier journal ouvrier pérenne publié en France. Là, aux temps des insurrections, les canuts créent leur propre organe, un hebdomadaire de huit pages sur deux colonnes, L'Écho de la fabrique. Durant plusieurs mois, les chefs d'atelier et ouvriers en soie vont prendre voix dans leur journal pour tenter d'adapter le régime complexe de la fabrique lyonnaise à l'évolution industrielle en cours, et préserver ainsi leur autonomie et leur liberté. Pour cela, Antoine Vidal, Joachim Falconnet, Marius Chastaing, Joseph Bouvery, Jacques Rivière Cadet, Michel-Marie Derrion, César Bernard, mais aussi une multitude de correspondants locaux débattent dans les pages de L'Écho de « l'association industrielle » et de « l'enseignement mutuel » ; ils tiennent la chronique des séances du conseil des prud'hommes, développent leurs réfl exions sur l'économie sociale, présentent leurs poèmes, chansons et charades, ou multiplient les conseils pratiques, dans le domaine de l'hygiène aussi bien que dans celui de la « jurisprudence usuelle ». Réunis dans cet ouvrage, historiens, sociologues, littéraires, linguistes, politistes, philosophes et économistes proposent de traverser le corpus de L'Écho de la fabrique selon leurs propres curiosités et interrogations. Les perspectives mises en oeuvre révèlent la richesse et l'importance de ce journal ouvrier. Elles montrent son caractère unique sur le plan social, économique, linguistique et pour l'histoire même du phénomène de l'imprimé. 410 0$aMe?tamorphoses du livre. 606 $aIndustries$zFrance$xHistory$y19th century 606 $aPress, Labor$zFrance$zLyon$xHistory$y19th century 607 $aFrance$xEconomic conditions$y19th century 610 $apériodique 610 $apresse ouvrière 610 $aLyon 610 $ajournaux 610 $apresse spécialisée 610 $aFrance 610 $al'Echo de la fabrique 610 $asoie 615 0$aIndustries$xHistory 615 0$aPress, Labor$xHistory 676 $a338.0944 700 $aLudovic Frobert (dir.)$4auth$01355948 702 $aFrobert$b Ludovic 702 $aBeecher$b Jonathan 801 0$bMiAaPQ 801 1$bMiAaPQ 801 2$bMiAaPQ 906 $aBOOK 912 $a9910214951903321 996 $aL'E?cho de la fabrique$93360089 997 $aUNINA LEADER 04098oam 2200661 a 450 001 9910779103803321 005 20230802005445.0 010 $a9781936117963$b(electronic bk.) 010 $a1936117967$b(electronic bk.) 035 $a(CKB)2550000000107312 035 $a(EBL)3328238 035 $a(SSID)ssj0000737653 035 $a(PQKBManifestationID)12287863 035 $a(PQKBTitleCode)TC0000737653 035 $a(PQKBWorkID)10788834 035 $a(PQKB)10852393 035 $a(MiAaPQ)EBC3328238 035 $a(Au-PeEL)EBL3328238 035 $a(CaPaEBR)ebr10578631 035 $a(OCoLC)923213995 035 $a(EXLCZ)992550000000107312 100 $a20120601d2012 uy 0 101 0 $aeng 135 $aurcn#|||||||| 181 $ctxt$2rdacontent 181 $csti$2rdacontent 182 $cc$2rdamedia 183 $acr$2rdacarrier 200 00$aGreening libraries /$fedited by Monika Antonelli and Mark McCullough 210 1$aLos Angeles :$cLibrary Juice Press,$d2012. 210 4$d©2012 215 $a1 online resource (270 pages) $cillustrations (black and white) 300 $aDescription based upon print version of record. 311 08$aPrint version: 9781936117086 1936117088 320 $aIncludes bibliographical references and index. 327 $aChicago standard operating procedure / by Greta Bever -- Building a green community at the Concordia University Library / by Krista M. Reynolds -- Santa Monica Public Library collaborates with city department to create a sustainability destination / by Nancy Bender -- Not every green library needs to be gold or platinum / by Adrianne Ralph -- Sustainable library design : a case study of library construction on the East end of Long Island, N.Y. from 2007 to 2009 / by Samantha Jane Alberts -- Greening libraries in historic buildings / by Rebekkah Smith Aldrich -- From grass roots to vital player : Michigan State University's Library Environmental Committee / by Michael Unsworth, Susan K. Kendall and Kriss Ostrom -- Tending the garden : growing your own green library committee / by Christine Andresen, Amy Gustavson, David Hisle, and Matthew Reynolds -- West Vancouver Memorial Library : green by nature / by Julie Backer -- Greening a library, greening a community : the Calgary Public Library's eco-action plan / by Rosemary Griebel -- Library-sponsored sustainable living outreach in Denver / by Kate Lawrence -- Going green @ your library : one librarian's lessons in programming / by Robbie Sittel -- Bookmobiles are going green / by Kathryn Totten -- Toward sustainable conferences : going green at the 2009 ACRL 14th National Conference in Seattle / by Charles Forrest, Karen Munro, and Kate Zoellner -- Green librarians blogging / by Beth Filar Williams -- Resources for greening libraries / compiled and annotated by Laura L. Barnes -- Beyond swag : reflections on libraries, pencils, and the limits of "green" consumerism / by Dave Hudson -- Environmental programs and green practices : an American Library Association timeline from 1989-2010 / by Maria A. Jankowska -- Building on green : sustainable thinking goes beyond green to unite library space and community / by Audry Barbakoff and Brett Barbakoff -- The public library's role in the Transition Towns movement / by Monika Antonelli. 606 $aLibraries$xEnvironmental aspects 606 $aLibraries and community 606 $aLibrary buildings$xEnvironmental aspects 606 $aEnvironmentalism 606 $aLibraries$zUnited States$vCase studies 606 $aLibraries$zCanada$vCase studies 615 0$aLibraries$xEnvironmental aspects. 615 0$aLibraries and community. 615 0$aLibrary buildings$xEnvironmental aspects. 615 0$aEnvironmentalism. 615 0$aLibraries 615 0$aLibraries 676 $a027 702 $aAntonelli$b Monika 702 $aMcCullough$b Mark 801 0$bMiAaPQ 801 1$bMiAaPQ 801 2$bMiAaPQ 906 $aBOOK 912 $a9910779103803321 996 $aGreening libraries$93688464 997 $aUNINA